Bataille's boys: postmodernity, fascists and football fans

Uloženo v:
Podrobná bibliografie
Hlavní autor: Smith, Tom
Korporativní autor: University of Central Lancashire
Médium: Text
Vydáno: [London]: Routledge Journals, Taylor & Frances
Témata:
Tagy: Přidat tag
Žádné tagy, Buďte první, kdo vytvoří štítek k tomuto záznamu!

MARC

LEADER 00000 a a2200000 04500
001 32677
003
040
090 |a 203500  
100 |a Smith, Tom  
110 |a University of Central Lancashire  
245 |a Bataille's boys: postmodernity, fascists and football fans  
260 |a [London]:   |b Routledge Journals,   |c Taylor & Frances  
300 |a pp. 443-460  
500 |a Publicado en: British Journal of Sociology vol. 51, no 3, september 2000  
650 |a FUTBOL  
650 |a ROL MASCULINO  
650 |a MASCULINIDAD  
650 |a IDEOLOGIAS POLITICAS  
650 |a TEORIA  
999 |c 10468  |d 10468